東武鉄道の駅(五十音順) - Statistics

General Stats
  • This quiz has been taken 27 times
  • The average score is 116 of 206
Answer Stats
頭文字 路線 駅名 % Correct
東上線 朝霞
95%
東上線 朝霞台
95%
伊勢崎線/野田線 春日部
95%
野田線 大宮
91%
伊勢崎線 押上
91%
野田線
91%
鬼怒川線 鬼怒川温泉
91%
伊勢崎線 越谷
91%
東上線/越生線 坂戸
91%
伊勢崎線 浅草
86%
伊勢崎線 伊勢崎
86%
東上線 上板橋
86%
亀戸線 亀戸
86%
東上線 川越
86%
東上線 川越市
86%
東上線 志木
86%
東上線 下板橋
86%
日光線/鬼怒川線 下今市
86%
伊勢崎線 草加
86%
宇都宮線 東武宇都宮
86%
伊勢崎線/日光線 東武動物公園
86%
日光線 東武日光
86%
東上線 東武練馬
86%
伊勢崎線/大師線 西新井
86%
東上線 ふじみ野
86%
東上線 寄居
86%
野田線 岩槻
82%
東上線 小川町
82%
越生線 越生
82%
日光線 上今市
82%
東上線 上福岡
82%
伊勢崎線 北春日部
82%
伊勢崎線 北越谷
82%
東上線 北坂戸
82%
鬼怒川線 鬼怒川公園
82%
佐野線 佐野
82%
伊勢崎線 竹ノ塚
82%
東上線 中板橋
82%
野田線 流山おおたかの森
82%
東上線 成増
82%
東上線 和光市
82%
東上線 池袋
77%
日光線 板倉東洋大前
77%
野田線 運河
77%
野田線 大宮公園
77%
伊勢崎線 鐘ヶ淵
77%
東上線 北池袋
77%
伊勢崎線 久喜
77%
日光線 栗橋
77%
東上線 下赤塚
77%
伊勢崎線 新越谷
77%
日光線/宇都宮線 新栃木
77%
鬼怒川線 東武ワールドスクウェア
77%
小泉線 西小泉
77%
野田線 野田市
77%
野田線 船橋
77%
日光線 南栗橋
77%
伊勢崎線/桐生線/小泉線 太田
73%
東上線 大山
73%
伊勢崎線 加須
73%
亀戸線 亀戸水神
73%
伊勢崎線 北千住
73%
野田線 新鎌ヶ谷
73%
東上線 森林公園
73%
日光線 杉戸高野台
73%
大師線 大師前
73%
亀戸線 東あずま
73%
東上線 東松山
73%
伊勢崎線/亀戸線 曳舟
73%
東上線 武蔵嵐山
73%
伊勢崎線 牛田
68%
宇都宮線 おもちゃのまち
68%
佐野線 葛生
68%
日光線 幸手
68%
桐生線 新桐生
68%
鬼怒川線 新藤原
68%
伊勢崎線 せんげん台
68%
伊勢崎線/佐野線/小泉線 館林
68%
東上線 つきのわ
68%
伊勢崎線 とうきょうスカイツリー
68%
日光線 栃木
68%
伊勢崎線 獨協大学前
68%
小泉線 東小泉
68%
東上線 みなみ寄居
68%
桐生線 赤城
64%
伊勢崎線 足利市
64%
東上線 男衾
64%
野田線 鎌ヶ谷
64%
野田線 北大宮
64%
伊勢崎線 小菅
64%
佐野線 佐野市
64%
野田線 新柏
64%
日光線 新鹿沼
64%
日光線 新古河
64%
東上線 柳瀬川
64%
桐生線 相老
59%
伊勢崎線 五反野
59%
東上線 新河岸
59%
野田線 新船橋
59%
東上線 鶴ヶ島
59%
東上線 東武竹沢
59%
東上線 ときわ台
59%
伊勢崎線 羽生
59%
野田線 東岩槻
59%
野田線 藤の牛島
59%
伊勢崎線 梅島
55%
野田線 逆井
55%
伊勢崎線 新伊勢崎
55%
鬼怒川線 新高徳
55%
野田線 高柳
55%
野田線 七光台
55%
伊勢崎線 姫宮
55%
東上線 みずほ台
55%
東上線 若葉
55%
伊勢崎線 和戸
55%
伊勢崎線
50%
伊勢崎線 一ノ割
50%
野田線 江戸川台
50%
伊勢崎線 大袋
50%
野田線 大和田
50%
亀戸線 小村井
50%
東上線 霞ヶ関
50%
日光線 合戦場
50%
伊勢崎線 蒲生
50%
野田線 川間
50%
東上線 高坂
50%
野田線 塚田
50%
東上線 鶴瀬
50%
東上線 鉢形
50%
伊勢崎線 花崎
50%
伊勢崎線 鷲宮
50%
日光線 新大平下
45%
伊勢崎線 新田
45%
伊勢崎線 武里
45%
東上線 玉淀
45%
野田線 豊四季
45%
日光線 楡木
45%
伊勢崎線 東向島
45%
野田線 馬込沢
45%
伊勢崎線 谷塚
45%
越生線 一本松
41%
野田線 梅郷
41%
小泉線 小泉町
41%
鬼怒川線 小佐越
41%
野田線 清水公園
41%
伊勢崎線 堀切
41%
野田線 南桜井
41%
野田線 六実
41%
伊勢崎線 野州山辺
41%
野田線 愛宕
36%
日光線 板荷
36%
宇都宮線 江曽島
36%
越生線 川角
36%
伊勢崎線 木崎
36%
桐生線 治良門橋
36%
鬼怒川線 大谷向
36%
佐野線 田沼
36%
日光線 東武金崎
36%
野田線 七里
36%
野田線 初石
36%
越生線 東毛呂
36%
越生線 武州唐沢
36%
野田線 増尾
36%
伊勢崎線 茂林寺前
36%
日光線 柳生
36%
佐野線 渡瀬
36%
伊勢崎線 川俣
32%
野田線 豊春
32%
日光線 藤岡
32%
宇都宮線 南宇都宮
32%
日光線 樅山
32%
野田線 八木崎
32%
鬼怒川線 大桑
27%
日光線 北鹿沼
27%
伊勢崎線 東武和泉
27%
越生線 西大家
27%
越生線 武州長瀬
27%
伊勢崎線 南羽生
27%
宇都宮線 壬生
27%
宇都宮線 野州大塚
27%
宇都宮線 野州平川
27%
小泉線 竜舞
27%
桐生線 阿左美
23%
日光線 家中
23%
伊勢崎線 剛志
23%
伊勢崎線 境町
23%
佐野線 田島
23%
伊勢崎線 多々良
23%
桐生線 藪塚
23%
宇都宮線 国谷
18%
桐生線 三枚橋
18%
伊勢崎線 世良田
18%
小泉線 成島
18%
伊勢崎線 福居
18%
日光線 明神
18%
日光線 静和
14%
小泉線 篠塚
14%
日光線 下小代
14%
宇都宮線 西川田
14%
伊勢崎線 韮川
14%
伊勢崎線 細谷
14%
佐野線 堀込
14%
小泉線 本中野
14%
佐野線 多田
9%
宇都宮線 安塚
9%
佐野線 吉水
9%
No matching quizzes found
Score Distribution
Percent of People with Each Score
Percentile by Number Answered
Your Score History
You have not taken this quiz